02224nam a22002177a 4500008004100000020001800041040000800059041000800067050002700075100003400102245011400136260003300250300004100283520147400324650003001798650003701828650001801865942000801883952010001891999001501991250702b |||||||| |||| 00| 0 eng d a9781398618084 ctbs aeng aHF5549.5.A2 bK36 2025 aKandola, Binna924925eauthor aDesigning for diversity b: developing inclusive and equitable talent management processes c/ Binna Kandola. aLondon :bKogan Page,c2025. a168 pages :billustrations ;c24 cm. aWhat measures do you use to spot talent and assess employee performance? How do you decide who gets promoted? Are these methods fair and inclusive? Talent management is a cornerstone of modern organizational strategy but it has consistently fallen short in achieving meaningful diversity. Designing for Diversity challenges the deeply rooted assumptions that have shaped traditional talent management systems and critiques the philosophies that often reinforce the status quo. This book then offers actionable strategies to create systems and processes that genuinely identify and nurture individuals with leadership potential. While many DEI efforts aim to signal progress, they can inadvertently sustain inertia. This book empowers organizations to move beyond surface-level solutions and implement practices that drive real, measurable change. It explores each element of talent management from performance management systems and talent identification methods, through to talent development and promotion processes. This book also examines the limitations of target setting and the benefits of both formal and informal mentoring. The results is a new paradigm for identifying leaders, fostering diversity, and enhancing competition for senior roles. Whether you're a business leader, HR professional or advocate for equity in the workplace, Designing for Diversity is your essential guide to creating a future where talent management and diversity thrive together. 0aPersonnel management9680 0aDiversity in the workplace97273 0aAbility97350 2lcc 00102lcc4070aTBSbTBSd2025-07-02l0oHF5549.5.A2 KANpB05745r2025-07-02t1w2025-07-02y1 c4808d4808